Palestiina-visa - Statistics

Yleistilastot
  • Tätä visaa on pelattu 328 kertaa
  • Keskiarvotulos 11 / 20
Vastaustilastot
Vihje Vastaus % Oikein
Näiden alueiden naapurimaat Israel
99%
Näiden alueiden naapurimaat Jordania
91%
Kaksi aluetta, joihin viitataan nimellä Palestiina Gaza
88%
Palestiinan virallinen kieli Arabia
87%
Näiden alueiden naapurimaat Egypti
84%
Palestiinalaisvaltion suunniteltu tuleva pääkaupunki Itä-Jerusalem
80%
Valtio, jolla oli mandaatti hallita Palestiinaa 1922–1947 Yhdistynyt kuningaskunta
78%
Jeesuksen syntymäpaikka Raamatun mukaan Betlehem
77%
Palestiinaa vuosina 1516–1922 hallinnut valtakunta Osmanien valtakunta
71%
Kaksi aluetta, joihin viitataan nimellä Palestiina Länsiranta
69%
Alempana olevaa aluetta hallitseva puolue Hamas
57%
Palestiinan vapautusjärjestön johtaja 1969–2004 Jasser Arafat
41%
Palestiinan ja ehkä koko maailman vanhin kaupunki Jeriko
36%
Palestiinan pääkaupunki Ramallah
35%
Historiallinen alue ja Rooman maakunta Palestiinan eteläosissa Juudea
27%
Temppelivuorelle 700-luvun paikkeilla rakennettu moskeija Al-{Aqsa}
21%
Ylimpänä olevaa aluetta hallitseva puolue Fatah
21%
Palestiinan vapautusjärjestön nykyinen johtaja Mahmud Abbas
18%
Alueen nimi pronssiajalla (alkaa kirjaimella K) Kanaaninmaa
15%
Kaupunki, jossa Makpelan luola sijaitsee Hebron
14%
Ehtoja vastaavia visoja ei löytynyt
Tulosjakauma
Jokaisen tuloksen saaneiden osuus
Persentiili vastausten määrän mukaan
Tuloshistoriasi
Et ole pelannut tätä visaa